000 00453nam a22001697a 4500
003 OSt
008 260425b |||||||| |||| 00| 0 eng d
082 _a634.44
_bS16F
100 _aKumar, Sanjay
245 _aFixation of Maturity Standards of Mango CV. Amrapali and Mallika
260 _aPusa, Samastipur
_bRAU
_c1999
300 _a100P.
502 _bMsc.
_d1999
650 _aFruit and Fruit Technology
650 _aHorticulture
942 _2ddc
_cT
999 _c50191
_d50191